| 000 | 00639 a2200229 4500 | ||
|---|---|---|---|
| 001 | 61537 | ||
| 005 | 20260407155906.0 | ||
| 008 | 260407a1956 arg spa d | ||
| 003 | AR-UNSa-BCEJYS | ||
| 040 |
_aAR-UNSa-BCEJYS _bspa _cAR-UNSa-BCEJYS |
||
| 080 |
_a347.7 _xDerecho Mercantil. Derecho Comercial |
||
| 245 | 1 | 0 | _aCurso de derecho comercial |
| 250 | _a7a. ed. | ||
| 264 | 1 |
_aBuenos Aires : _bBiblioteca Jurídica Argentina _c1956 |
|
| 300 | _a4 v. | ||
| 041 | _aspa | ||
| 942 | _cBK | ||
| 590 | _aniveau_biblio:m niveau_hierar:0 | ||
| 100 | 1 | _aCastillo, Ramón S. | |
| 700 | 1 | _aBertorino, Francisco | |
| 700 | 1 | _aFrutos, Pedro | |
| 999 |
_c7333 _d7333 |
||